000 00895cam a2200277 a 4500
001 73947
003 BD-RjUL
005 20211209082451.0
008 090331s2009 dcua b i001 0 eng
020 _a9780821378915
020 _a0821378910
020 _a9780821379110 (electronic)
035 _aBD-RjUL74165
040 _aDLC
_cDLC
_dBD-RjUL
_beng
041 _aeng
082 0 0 _a338.91068/4
_222
_bMOR 2009
100 1 _aMorra-Imas, Linda G.
_9219475
245 1 4 _aThe road to results :
_bdesigning and conducting effective development evaluations /
_cLinda G. Morra Imas, Ray C. Rist.
260 _aWashington, DC :
_bWorld Bank,
_cc2009.
300 _axxii, 582 p. :
_bill. ;
_c25 cm.
504 _aIncludes bibliographical references and index.
650 0 _aEconomic development
_xEvaluation.
_9219476
700 1 _aRist, Ray C.
_9219477
942 _2ddc
_cBK
999 _c73947
_d73947